| 000 | 01550nam a2200337Ia 4500 | ||
|---|---|---|---|
| 001 | ebr10347048 | ||
| 003 | CaPaEBR | ||
| 006 | m u | ||
| 007 | cr cn||||||||| | ||
| 008 | 090818s2009 dcua sb 000 0 eng d | ||
| 020 | _z0309136903 | ||
| 020 | _z9780309136907 | ||
| 040 |
_aCaPaEBR _cCaPaEBR |
||
| 035 | _a(OCoLC)462883987 | ||
| 050 | 1 | 4 |
_aRC183 _b.L58 2009eb |
| 245 | 0 | 0 |
_aLive variola virus _h[electronic resource] : _bconsiderations for continuing research / _cCommittee on the Assessment of Future Scientific Needs for Live Variola Virus; Board on Global Health ; Ann M. Arvin and Deepali M. Patel, editors ; Institute of Medicine of the National Academies. |
| 260 |
_aWashington, D.C. : _bNational Academies Press, _c2009. |
||
| 300 |
_axvii, 151 p. : _bill. |
||
| 504 | _aIncludes bibliographical references. | ||
| 533 |
_aElectronic reproduction. _bPalo Alto, Calif. : _cebrary, _d2010. _nAvailable via World Wide Web. _nAccess may be limited to ebrary affiliated libraries. |
||
| 650 | 0 |
_aSmallpox _xResearch. |
|
| 650 | 0 |
_aSmallpox _xPrevention. |
|
| 650 | 0 | _aSmallpox vaccine. | |
| 650 | 0 |
_aVirology _xCultures and culture media. |
|
| 655 | 7 |
_aElectronic books. _2local |
|
| 700 | 1 | _aArvin, Ann M. | |
| 700 | 1 | _aPatel, Deepali. | |
| 710 | 2 |
_aInstitute of Medicine (U.S.). _bCommittee on the Assessment of Future Scientific Needs for Live Variola Virus. |
|
| 710 | 2 | _aebrary, Inc. | |
| 856 | 4 | 0 |
_uhttp://site.ebrary.com/lib/rucke/Doc?id=10347048 _zAn electronic book accessible through the World Wide Web; click to view |
| 999 |
_c44283 _d44283 |
||